1817 1668 1802 1189 1641 1984 1732 1903 1299 1969 1676 1451 1298 1767 1468 1176 1666 1789 1968 1540 1658 1391 1395 1927 1315 1871 1322 1946 1344 1966 1572 1096 1987 1705 1864 1563 1767 1912 1248 1857 1733 1555 1047 1676 1212 1203 1783 1020 1185 1724 1970 1571 1240 1898 1320 1051 1481 1108 1106 1920 1426 1103 1423 1979 1850 1658 1988 1555 1710 1716 1207 1082 1374 1216 1976 1800 1259 1610 1027 1291 1290 1696 1176 1506 1704 1916 1990 1599 1188 1844 1952 1565 1546 1893 1763 1451 1131 1331 1397 BCNSPRNW ULIB Ver.6.0+V

เปลี่ยนเป็นภาษาไทย

Change to English
 แสดงรายละเอียดบรรณานุกรม
  กลับหน้าหลัก

Brief Record : Get Marc (ISO 2709) : E-mail record : QR code < ปิดหน้าต่าง
LEADER : 00000nam 2200000uu 4500
001    13399126150
003     ULIB
008    180613s2560||||th 000 0 tha d
020    ^a9786165470872
040    ^absc
050  4 ^aPE1112^bส779c
100 0  ^aสุทิน พูลสวัสดิ์
245 10 ^aCU-TEP grammar :^berror identificationภาษาอังกฤษเข้าจุฬาลงกรณ์มหาวิทยาลัย /^cSutin Poolsawad
246 30 ^aภาษาอังกฤษเข้าจุฬาลงกรณ์มหาวิทยาลัย
246 31 ^aBest test preparation for CU-TEP : CU-TEP grammar
250    ^aพิมพ์ครั้งที่ 4
260    ^aกรุงเทพฯ :^bศูนย์หนังสือ ที.จี.อาร์.อี.,^c2560
300    ^a266 หน้า ;^c26 ซม.
610 24 ^aจุฬาลงกรณ์มหาวิทยาลัย^xการสอบคัดเลือก^xข้อสอบและเฉลย
650  0 ^aEnglish language^xGrammar
650  0 ^aEnglish language^vExaminations, questions, etc.
650  0 ^aEnglish language^xExaminations
650  4 ^aภาษาอังกฤษ^xไวยากรณ์
650  4 ^aภาษาอังกฤษ^vข้อสอบและเฉลย
650  4 ^aภาษาอังกฤษ^xการสอบ
700 0  ^aSutin Poolsawad
910    ^aSend to UC
945    ^p285^l0^i004793
945    ^p285^l0^i004244
999    ^aประนอม เกษจรัล
รายการนี้ยังไม่มีแท็ก
คุณยังไม่ได้ล็อกอิน คุณสามารถมีกิจกรรมร่วมกับเว็บไซต์ได้ แต่ต้องล็อกอินก่อน ::
  ล็อกอิน

รายการสื่อสารสนเทศ

ลำดับที่ ประเภท เลขเรียก/บาร์โค้ด สถานที่ สถานะ
1. วิทยาศาสตร์การแพทย์ และสุขภาพ
หนังสือสำรอง
สถานะ=หนังสือสำรอง
PE1112 ส779c ฉ.1 
  Barcode: 004244
ห้องสมุดวิทยาเขตนครสวรรค์
►นวนิยาย:l:Fiction
บนชั้น
2. การศึกษาทั่วไป
การศึกษาทั่วไป
PE1112 ส779c ฉ.2 
  Barcode: 004793
ห้องสมุดวิทยาเขตสวรรค์ประชารักษ์
►หนังสือทั่วไป
บนชั้น

รายการใกล้เคียง
    ผู้แต่ง [สุทิน พูลสวัสดิ์]

    หัวเรื่อง [English language Grammar]

BibComment


ยังไม่เคยถูกคอมเมนท์

คอมเมนท์ทรัพยากรรายการนี้
  คอมเมนท์: CUTEP grammar e..


 Copyright 2026. Bcnsprnw @Library